[Event "DEM U14 2019"]
[Site "Willingen GER"]
[Date "2019.06.13"]
[Round "7"]
[White "Farokhi, Keyvan"]
[Black "Haufe, Laurin"]
[Result "1-0"]
[Termination "normal"]
[Board "10"]
[WhiteElo "1963"]
[BlackElo "1995"]
[WhiteClock "00:21:01"]
[BlackClock "00:10:53"]
[PlyCount "89"]
[WhiteFideId "12998630"]
[BlackFideId "12976504"]
[EventCountry "GER"]
[EventRounds "9"]
[EventType "swiss"]
[EventDate "2019.06.08"]

1. e4 {[%clk 1:30:56]} 1... c5 {[%clk 1:30:56]} 2. Nf3 {[%clk 1:31:19]} 2... d6
{[%clk 1:31:21]} 3. d4 {[%clk 1:31:42]} 3... cxd4 {[%clk 1:31:45]} 4. Nxd4 {
[%clk 1:32:09]} 4... Nf6 {[%clk 1:32:05]} 5. Nc3 {[%clk 1:32:30]} 5... a6 {
[%clk 1:32:32]} 6. Nb3 {[%clk 1:32:53]} 6... e6 {[%clk 1:32:48]} 7. g4 { [%clk
1:33:07]} 7... Be7 {[%clk 1:29:11]} 8. Bg2 {[%clk 1:31:44]} 8... Nc6 { [%clk
1:28:07]} 9. g5 {[%clk 1:31:39]} 9... Nd7 {[%clk 1:28:15]} 10. f4 { [%clk
1:31:57]} 10... b5 {[%clk 1:22:34]} 11. a3 {[%clk 1:31:23]} 11... Bb7 { [%clk
1:21:01]} 12. O-O {[%clk 1:31:41]} 12... Qc7 {[%clk 1:17:58]} 13. Be3 { [%clk
1:16:22]} 13... O-O-O {[%clk 1:11:36]} 14. Nd4 {[%clk 1:09:41]} 14... Nxd4
{[%clk 1:01:59]} 15. Qxd4 {[%clk 1:08:44]} 15... e5 {[%clk 0:52:01]} 16. Qa7
{[%clk 0:58:20]} 16... f6 {[%clk 0:46:51]} 17. Bh3 {[%clk 0:44:09]} 17... Qb8
{[%clk 0:42:57]} 18. gxf6 {[%clk 0:36:35]} 18... Qxa7 {[%clk 0:36:00]} 19. Bxa7
{[%clk 0:36:56]} 19... gxf6 {[%clk 0:35:56]} 20. Be6 {[%clk 0:35:04]} 20... Kc7
{[%clk 0:29:29]} 21. Nd5+ {[%clk 0:32:23]} 21... Bxd5 {[%clk 0:29:32] } 22.
Bxd5 {[%clk 0:32:33]} 22... Nb6 {[%clk 0:28:25]} 23. Bxb6+ { [%clk 0:32:59]}
23... Kxb6 {[%clk 0:28:49]} 24. f5 {[%clk 0:33:07]} 24... Bf8 { [%clk 0:25:15]}
25. b3 {[%clk 0:30:55]} 25... Bh6 {[%clk 0:22:24]} 26. Kf2 { [%clk 0:30:01]}
26... Bd2 {[%clk 0:20:16]} 27. Ke2 {[%clk 0:26:03]} 27... Bc3 { [%clk 0:18:06]}
28. Rad1 {[%clk 0:26:24]} 28... Rd7 {[%clk 0:15:23]} 29. Be6 { [%clk 0:24:57]}
29... Rdd8 {[%clk 0:14:59]} 30. Rd3 {[%clk 0:25:09]} 30... Bb2 {[%clk 0:14:07]}
31. Rb1 {[%clk 0:24:55]} 31... Bxa3 {[%clk 0:13:48]} 32. b4 { [%clk 0:25:24]}
32... Bxb4 {[%clk 0:14:07]} 33. Rxb4 {[%clk 0:25:53]} 33... a5 {[%clk 0:13:54]}
34. Rb1 {[%clk 0:26:09]} 34... h6 {[%clk 0:10:11]} 35. Rdb3 { [%clk 0:25:55]}
35... b4 {[%clk 0:10:00]} 36. c3 {[%clk 0:26:16]} 36... Ra8 { [%clk 0:09:58]}
37. cxb4 {[%clk 0:26:29]} 37... a4 {[%clk 0:10:20]} 38. Ra3 { [%clk 0:26:39]}
38... Rhd8 {[%clk 0:10:40]} 39. Kd3 {[%clk 0:20:44]} 39... Ra7 {[%clk 0:10:33]}
40. Kc4 {[%clk 0:21:00]} 40... Rc7+ {[%clk 0:10:49]} 41. Kd3 { [%clk 0:20:39]}
41... Rg7 {[%clk 0:10:20]} 42. Rxa4 {[%clk 0:20:56]} 42... Rg4 {[%clk 0:10:09]}
43. b5 {[%clk 0:20:35]} 43... Rh4 {[%clk 0:10:34]} 44. Ra6+ { [%clk 0:21:01]}
44... Kb7 {[%clk 0:10:53]} 45. Bd5+ 1-0

[Event "DEM U14 2019"]
[Site "Willingen GER"]
[Date "2019.06.13"]
[Round "7"]
[White "Matthäi, Jakob"]
[Black "Simukov, Erik"]
[Result "1/2-1/2"]
[Termination "normal"]
[Board "11"]
[WhiteElo "1666"]
[BlackElo "1904"]
[WhiteClock "00:12:45"]
[BlackClock "00:03:41"]
[PlyCount "50"]
[WhiteFideId "16240421"]
[BlackFideId "12995380"]
[EventCountry "GER"]
[EventRounds "9"]
[EventType "swiss"]
[EventDate "2019.06.08"]

1. e4 {[%clk 1:30:58]} 1... e5 {[%clk 1:30:55]} 2. Nf3 {[%clk 1:31:06]} 2...
Nc6 {[%clk 1:31:16]} 3. d4 {[%clk 1:31:26]} 3... exd4 {[%clk 1:31:32]} 4. Bc4 {
[%clk 1:31:48]} 4... Bc5 {[%clk 1:31:44]} 5. Ng5 {[%clk 1:31:34]} 5... Nh6 {
[%clk 1:31:44]} 6. Nxf7 {[%clk 1:30:44]} 6... Nxf7 {[%clk 0:52:51]} 7. Bxf7+ {
[%clk 1:31:02]} 7... Kxf7 {[%clk 0:51:17]} 8. Qh5+ {[%clk 1:31:20]} 8... g6 {
[%clk 0:51:16]} 9. Qxc5 {[%clk 1:31:37]} 9... d6 {[%clk 0:51:25]} 10. Qc4+ {
[%clk 1:28:52]} 10... Be6 {[%clk 0:48:44]} 11. Qe2 {[%clk 1:28:54]} 11... Kg7 {
[%clk 0:47:05]} 12. O-O {[%clk 1:23:58]} 12... Qd7 {[%clk 0:45:44]} 13. Nd2 {
[%clk 1:12:33]} 13... Rae8 {[%clk 0:36:40]} 14. b3 {[%clk 1:04:33]} 14... d5 {
[%clk 0:32:37]} 15. Qb5 {[%clk 0:39:38]} 15... dxe4 {[%clk 0:28:36]} 16. Nxe4 {
[%clk 0:36:01]} 16... Qd5 {[%clk 0:28:49]} 17. Qxd5 {[%clk 0:35:47]} 17... Bxd5
{[%clk 0:29:03]} 18. Ng3 {[%clk 0:33:53]} 18... h5 {[%clk 0:08:56]} 19. h4 {
[%clk 0:31:17]} 19... Ne5 {[%clk 0:09:08]} 20. Bd2 {[%clk 0:23:24]} 20... Rhf8
{[%clk 0:08:23]} 21. c3 {[%clk 0:20:08]} 21... dxc3 {[%clk 0:07:05]} 22. Bxc3 {
[%clk 0:20:31]} 22... Kh7 {[%clk 0:07:20]} 23. Rad1 {[%clk 0:19:31]} 23... c6 {
[%clk 0:07:26]} 24. Rfe1 {[%clk 0:17:16]} 24... Nd7 {[%clk 0:05:23]} 25. Ne4 {
[%clk 0:12:45]} 25... Kg8 {[%clk 0:03:41]} 1/2-1/2

[Event "DEM U14 2019"]
[Site "Willingen GER"]
[Date "2019.06.13"]
[Round "7"]
[White "Schubert, Nikita"]
[Black "Elsner, Robert"]
[Result "1-0"]
[Termination "normal"]
[Board "13"]
[WhiteElo "1806"]
[BlackElo "1745"]
[WhiteClock "00:08:22"]
[BlackClock "00:22:19"]
[PlyCount "59"]
[WhiteFideId "16212339"]
[BlackFideId "16246390"]
[EventCountry "GER"]
[EventRounds "9"]
[EventType "swiss"]
[EventDate "2019.06.08"]

1. d4 {[%clk 1:30:57]} 1... Nf6 {[%clk 1:30:55]} 2. c4 {[%clk 1:31:21]} 2... g6
{[%clk 1:31:19]} 3. g3 {[%clk 1:31:43]} 3... Bg7 {[%clk 1:31:46]} 4. Bg2 {
[%clk 1:32:05]} 4... O-O {[%clk 1:32:13]} 5. Nc3 {[%clk 1:32:22]} 5... d6 {
[%clk 1:32:36]} 6. Nf3 {[%clk 1:32:45]} 6... Nbd7 {[%clk 1:33:03]} 7. O-O {
[%clk 1:33:02]} 7... e5 {[%clk 1:33:29]} 8. e4 {[%clk 1:33:23]} 8... c6 { [%clk
1:34:15]} 9. h3 {[%clk 1:28:34]} 9... Re8 10. Be3 {[%clk 1:27:42]} 10... exd4
{[%clk 1:34:34]} 11. Nxd4 {[%clk 1:27:44]} 11... Nc5 {[%clk 1:34:57]} 12. Qc2
{[%clk 1:27:14]} 12... Qe7 {[%clk 1:35:05]} 13. Rfe1 {[%clk 1:23:16]} 13... Be6
{[%clk 1:24:44]} 14. b3 {[%clk 1:22:49]} 14... Bd7 {[%clk 1:25:11]} 15. f3
{[%clk 1:12:23]} 15... a5 {[%clk 1:21:36]} 16. Kh2 {[%clk 1:02:33]} 16... h5
17. h4 {[%clk 0:54:04]} 17... Nh7 {[%clk 0:54:08]} 18. Qd2 {[%clk 0:49:00]}
18... Qf8 {[%clk 0:38:17]} 19. Rad1 {[%clk 0:46:41]} 19... Rad8 {[%clk 0:38:33]
} 20. Nce2 {[%clk 0:43:26]} 20... a4 {[%clk 0:36:54]} 21. b4 {[%clk 0:38:59]}
21... Ne6 {[%clk 0:37:20]} 22. a3 {[%clk 0:33:05]} 22... Nxd4 {[%clk 0:35:48]}
23. Nxd4 {[%clk 0:32:26]} 23... c5 {[%clk 0:29:34]} 24. Ne2 {[%clk 0:30:50]}
24... Be6 {[%clk 0:30:01]} 25. Qc2 {[%clk 0:28:39]} 25... cxb4 {[%clk 0:29:55]}
26. Qxa4 {[%clk 0:16:15]} 26... bxa3 {[%clk 0:29:55]} 27. Qxa3 {[%clk 0:16:30]}
27... Bxc4 {[%clk 0:29:56]} 28. Qb4 {[%clk 0:16:35]} 28... b5 {[%clk 0:26:29]}
29. Bh3 {[%clk 0:08:20]} 29... d5 {[%clk 0:22:19]} 30. Bc5 {[%clk 0:08:22]} 1-0

[Event "DEM U14 2019"]
[Site "Willingen GER"]
[Date "2019.06.13"]
[Round "7"]
[White "Tham, Nam"]
[Black "May, Ben-Iven"]
[Result "1-0"]
[Termination "normal"]
[Board "14"]
[WhiteElo "1993"]
[BlackElo "1692"]
[WhiteClock "00:05:35"]
[BlackClock "00:00:43"]
[PlyCount "75"]
[WhiteFideId "12997331"]
[BlackFideId "16229673"]
[EventCountry "GER"]
[EventRounds "9"]
[EventType "swiss"]
[EventDate "2019.06.08"]

1. e4 {[%clk 1:30:58]} 1... e5 {[%clk 1:30:56]} 2. Nf3 {[%clk 1:31:21]} 2...
Nc6 {[%clk 1:31:23]} 3. Bc4 {[%clk 1:31:46]} 3... Nf6 {[%clk 1:31:45]} 4. d3 {
[%clk 1:32:12]} 4... Bc5 {[%clk 1:32:07]} 5. c3 {[%clk 1:32:32]} 5... O-O {
[%clk 1:32:25]} 6. Bb3 {[%clk 1:32:41]} 6... d6 {[%clk 1:32:32]} 7. Nbd2 {
[%clk 1:33:03]} 7... Bb6 {[%clk 1:32:08]} 8. h3 {[%clk 1:33:21]} 8... Ne7 {
[%clk 1:32:11]} 9. Nf1 {[%clk 1:33:24]} 9... Ng6 {[%clk 1:32:34]} 10. Ng3 {
[%clk 1:33:49]} 10... h6 {[%clk 1:32:21]} 11. O-O {[%clk 1:33:45]} 11... c6 {
[%clk 1:32:38]} 12. Re1 {[%clk 1:33:50]} 12... Re8 {[%clk 1:33:01]} 13. d4 {
[%clk 1:22:30]} 13... Qc7 {[%clk 1:27:08]} 14. Nh2 {[%clk 1:12:08]} 14... Nf8 {
[%clk 1:06:12]} 15. dxe5 {[%clk 1:03:22]} 15... dxe5 {[%clk 1:03:45]} 16. Qf3 {
[%clk 1:02:48]} 16... N8h7 {[%clk 1:02:52]} 17. Nf5 {[%clk 0:58:05]} 17... Be6
{[%clk 0:57:59]} 18. Bc2 {[%clk 0:53:20]} 18... Rad8 {[%clk 0:51:23]} 19. Nf1 {
[%clk 0:46:45]} 19... Rd7 {[%clk 0:41:23]} 20. N1g3 {[%clk 0:46:28]} 20... Red8
{[%clk 0:41:18]} 21. Nh5 {[%clk 0:35:01]} 21... Nxh5 {[%clk 0:37:12]} 22. Qxh5
{[%clk 0:35:22]} 22... Bc5 {[%clk 0:29:38]} 23. Rf1 {[%clk 0:29:40]} 23... a5 {
[%clk 0:24:12]} 24. Kh1 {[%clk 0:28:40]} 24... f6 {[%clk 0:16:06]} 25. f4 {
[%clk 0:21:48]} 25... Kh8 {[%clk 0:09:32]} 26. fxe5 {[%clk 0:17:50]} 26... Bc4
{[%clk 0:08:19]} 27. e6 {[%clk 0:12:17]} 27... Bxf1 {[%clk 0:04:07]} 28. exd7 {
[%clk 0:12:43]} 28... Bc4 {[%clk 0:04:22]} 29. Nxg7 {[%clk 0:09:38]} 29... Qg3
{[%clk 0:00:49]} 30. Bf4 {[%clk 0:07:53]} 30... Qxg7 {[%clk 0:00:40]} 31. Qxc5
{[%clk 0:07:59]} 31... Rg8 {[%clk 0:00:59]} 32. Qf2 {[%clk 0:07:39]} 32... Qxd7
{[%clk 0:00:32]} 33. b3 {[%clk 0:07:12]} 33... Be6 {[%clk 0:00:47]} 34. Bxh6 {
[%clk 0:06:52]} 34... Bxh3 {[%clk 0:00:45]} 35. g3 {[%clk 0:07:12]} 35... Qg4 {
[%clk 0:00:41]} 36. Bf4 {[%clk 0:06:25]} 36... Qh5 {[%clk 0:00:33]} 37. Kg1 {
[%clk 0:06:03]} 37... Ng5 {[%clk 0:00:43]} 38. Bd1 {[%clk 0:05:35]} 1-0

[Event "DEM U14 2019"]
[Site "Willingen GER"]
[Date "2019.06.13"]
[Round "7"]
[White "Sinnhöfer, Joshua"]
[Black "Evering, Sören"]
[Result "1-0"]
[Termination "normal"]
[Board "15"]
[WhiteElo "1466"]
[BlackElo "1879"]
[WhiteClock "01:18:17"]
[BlackClock "00:30:26"]
[PlyCount "83"]
[WhiteFideId "16201361"]
[BlackFideId "12974650"]
[EventCountry "GER"]
[EventRounds "9"]
[EventType "swiss"]
[EventDate "2019.06.08"]

1. e4 {[%clk 1:30:58]} 1... e5 {[%clk 1:30:55]} 2. Nf3 {[%clk 1:31:18]} 2...
Nc6 {[%clk 1:31:20]} 3. d4 {[%clk 1:31:40]} 3... exd4 {[%clk 1:31:30]} 4. Bc4 {
[%clk 1:32:03]} 4... Nf6 {[%clk 1:31:31]} 5. O-O {[%clk 1:32:24]} 5... Nxe4 {
[%clk 1:30:54]} 6. Re1 {[%clk 1:32:48]} 6... d5 {[%clk 1:31:01]} 7. Bxd5 {
[%clk 1:33:10]} 7... Qxd5 {[%clk 1:30:58]} 8. Nc3 {[%clk 1:33:28]} 8... Qh5 {
[%clk 1:30:04]} 9. Nxe4 {[%clk 1:33:30]} 9... Be6 {[%clk 1:29:35]} 10. Bg5 {
[%clk 1:33:37]} 10... h6 {[%clk 1:24:29]} 11. Bf6 {[%clk 1:33:46]} 11... Qg6 {
[%clk 1:23:30]} 12. Nh4 {[%clk 1:30:06]} 12... Qh7 {[%clk 1:20:57]} 13. Qd3 {
[%clk 1:16:56]} 13... Be7 {[%clk 0:46:34]} 14. Bxe7 {[%clk 1:15:24]} 14... Nxe7
{[%clk 0:45:12]} 15. Qb5+ {[%clk 1:15:33]} 15... Bd7 {[%clk 0:36:54]} 16. Qxb7
{[%clk 1:09:16]} 16... O-O {[%clk 0:29:15]} 17. Qxc7 {[%clk 1:08:52]} 17... Nf5
{[%clk 0:19:25]} 18. Qxd7 {[%clk 1:05:39]} 18... Nxh4 {[%clk 0:19:48]} 19. Qg4
{[%clk 1:05:51]} 19... Ng6 {[%clk 0:18:11]} 20. Ng3 {[%clk 1:03:01]} 20... Rac8
{[%clk 0:11:47]} 21. Rac1 {[%clk 1:02:30]} 21... Rfd8 {[%clk 0:11:29]} 22. Red1
{[%clk 0:52:16]} 22... Ne5 {[%clk 0:09:06]} 23. Qf5 {[%clk 0:51:49]} 23... Nc4
{[%clk 0:07:16]} 24. b3 {[%clk 0:49:19]} 24... Na3 {[%clk 0:06:26]} 25. Rxd4 {
[%clk 0:48:36]} 25... Qxf5 {[%clk 0:05:52]} 26. Nxf5 {[%clk 0:48:51]} 26...
Rxd4 {[%clk 0:06:01]} 27. Nxd4 {[%clk 0:49:11]} 27... Rd8 {[%clk 0:06:10]} 28.
c3 {[%clk 0:49:31]} 28... a6 {[%clk 0:06:03]} 29. Kf1 {[%clk 0:49:40]} 29... f6
{[%clk 0:06:06]} 30. Ke2 {[%clk 0:49:42]} 30... Kf7 {[%clk 0:06:16]} 31. Ke3 {
[%clk 0:49:10]} 31... g6 32. c4 {[%clk 0:49:00]} 32... Rc8 {[%clk 0:06:06]} 33.
Kd3 {[%clk 0:48:47]} 33... Nb5 {[%clk 0:06:11]} 34. Nxb5 {[%clk 0:49:05]} 34...
axb5 {[%clk 0:06:39]} 35. Rc2 {[%clk 0:48:35]} 35... bxc4+ {[%clk 0:06:17]} 36.
Rxc4 {[%clk 0:48:44]} 36... Ra8 {[%clk 0:06:00]} 37. a4 {[%clk 0:48:59]} 37...
f5 {[%clk 0:05:28]} 38. Rc5 {[%clk 0:49:15]} 38... Rd8+ {[%clk 0:05:10]} 39.
Ke2 {[%clk 0:48:12]} 39... Ke6 {[%clk 0:04:41]} 40. Rb5 {[%clk 0:47:44]} 40...
h5 {[%clk 0:04:17]} 41. a5 {[%clk 0:48:00]} 41... Kd7 {[%clk 0:30:26]} 42. Rd5+
{[%clk 1:18:17]} 1-0

[Event "DEM U14 2019"]
[Site "Willingen GER"]
[Date "2019.06.13"]
[Round "7"]
[White "Seng, Alexander"]
[Black "Weidenhöfer, Max"]
[Result "0-1"]
[Termination "normal"]
[Board "17"]
[WhiteElo "1505"]
[BlackElo "1787"]
[WhiteClock "00:00:54"]
[BlackClock "00:10:11"]
[PlyCount "92"]
[WhiteFideId "16230990"]
[BlackFideId "16230566"]
[EventCountry "GER"]
[EventRounds "9"]
[EventType "swiss"]
[EventDate "2019.06.08"]

1. d4 {[%clk 1:30:55]} 1... d5 {[%clk 1:30:56]} 2. c4 {[%clk 1:31:10]} 2... c6
{[%clk 1:31:21]} 3. cxd5 {[%clk 1:31:25]} 3... cxd5 {[%clk 1:31:40]} 4. Bf4 {
[%clk 1:31:35]} 4... Nc6 {[%clk 1:31:25]} 5. e3 {[%clk 1:31:46]} 5... Nf6 {
[%clk 1:31:41]} 6. Nc3 {[%clk 1:31:55]} 6... a6 {[%clk 1:30:55]} 7. Bd3 { [%clk
1:30:47]} 7... e6 {[%clk 1:30:40]} 8. Nf3 {[%clk 1:29:04]} 8... Be7 { [%clk
1:14:54]} 9. O-O {[%clk 1:23:52]} 9... Nh5 {[%clk 1:11:25]} 10. Be5 { [%clk
1:22:21]} 10... f6 {[%clk 1:03:37]} 11. Bg3 {[%clk 1:17:01]} 11... Nxg3 { [%clk
1:03:10]} 12. hxg3 {[%clk 1:16:33]} 12... g6 {[%clk 0:57:02]} 13. a3 { [%clk
1:10:05]} 13... Kf7 {[%clk 0:51:06]} 14. Nd2 {[%clk 1:04:26]} 14... h5 { [%clk
0:42:17]} 15. f4 {[%clk 1:00:43]} 15... f5 {[%clk 0:39:35]} 16. Nf3 { [%clk
0:52:53]} 16... b6 {[%clk 0:33:06]} 17. b4 {[%clk 0:46:38]} 17... Nb8 { [%clk
0:24:28]} 18. Rc1 {[%clk 0:42:34]} 18... a5 {[%clk 0:18:22]} 19. Qa4 { [%clk
0:31:28]} 19... Bb7 {[%clk 0:17:18]} 20. b5 {[%clk 0:24:58]} 20... Nd7 { [%clk
0:16:49]} 21. Ne5+ {[%clk 0:24:40]} 21... Nxe5 {[%clk 0:16:07]} 22. fxe5 {[%clk
0:25:02]} 22... Qf8 {[%clk 0:14:40]} 23. Nb1 {[%clk 0:24:48]} 23... Qh6 {[%clk
0:13:51]} 24. Rf3 {[%clk 0:19:54]} 24... Rac8 {[%clk 0:12:08]} 25. Qd1 { [%clk
0:18:04]} 25... Rxc1 {[%clk 0:11:34]} 26. Qxc1 {[%clk 0:18:28]} 26... Rc8
{[%clk 0:11:42]} 27. Qd2 {[%clk 0:17:39]} 27... g5 {[%clk 0:10:42]} 28. Qe1 {
[%clk 0:13:13]} 28... g4 {[%clk 0:10:46]} 29. Rf2 {[%clk 0:10:21]} 29... h4 {
[%clk 0:08:01]} 30. Re2 {[%clk 0:08:16]} 30... hxg3 {[%clk 0:08:20]} 31. Qxg3 {
[%clk 0:08:29]} 31... Rc1+ {[%clk 0:08:41]} 32. Re1 {[%clk 0:07:04]} 32... Bh4
{[%clk 0:08:46]} 33. Qxh4 {[%clk 0:07:02]} 33... Qxh4 {[%clk 0:09:08]} 34. Rxc1
{[%clk 0:07:28]} 34... g3 {[%clk 0:09:24]} 35. Rc7+ {[%clk 0:05:03]} 35... Kg6
{[%clk 0:09:09]} 36. Rxb7 {[%clk 0:03:35]} 36... Qh2+ {[%clk 0:09:32]} 37. Kf1
{[%clk 0:04:00]} 37... Qh1+ {[%clk 0:09:57]} 38. Ke2 {[%clk 0:04:23]} 38...
Qxg2+ {[%clk 0:10:20]} 39. Kd1 {[%clk 0:03:37]} 39... Qh1+ {[%clk 0:09:41]} 40.
Kc2 {[%clk 0:02:57]} 40... g2 {[%clk 0:09:52]} 41. Rb8 {[%clk 0:03:18]} 41...
g1=Q {[%clk 0:08:31]} 42. Rg8+ {[%clk 0:03:31]} 42... Kf7 {[%clk 0:08:54]} 43.
Rxg1 {[%clk 0:03:38]} 43... Qxg1 {[%clk 0:09:17]} 44. Kd2 {[%clk 0:03:40]}
44... Qf2+ {[%clk 0:09:36]} 45. Be2 {[%clk 0:03:16]} 45... f4 {[%clk 0:09:55]}
46. exf4 {[%clk 0:00:54]} 46... Qxd4+ {[%clk 0:10:11]} 0-1

[Event "DEM U14 2019"]
[Site "Willingen GER"]
[Date "2019.06.13"]
[Round "7"]
[White "Wang, Xinyuan"]
[Black "Wildermuth, Nikolas Karl"]
[Result "1/2-1/2"]
[Termination "normal"]
[Board "19"]
[WhiteElo "1709"]
[BlackElo "1630"]
[WhiteClock "00:28:33"]
[BlackClock "00:49:16"]
[PlyCount "54"]
[WhiteFideId "16221494"]
[BlackFideId "16244699"]
[EventCountry "GER"]
[EventRounds "9"]
[EventType "swiss"]
[EventDate "2019.06.08"]

1. d4 {[%clk 1:30:31]} 1... d6 {[%clk 1:30:48]} 2. c4 {[%clk 1:30:47]} 2... e5
{[%clk 1:30:54]} 3. d5 {[%clk 1:30:05]} 3... f5 {[%clk 1:31:03]} 4. Nc3 { [%clk
1:30:17]} 4... Nf6 {[%clk 1:31:16]} 5. Bg5 {[%clk 1:29:46]} 5... g6 { [%clk
1:29:23]} 6. e4 {[%clk 1:29:20]} 6... Bg7 {[%clk 1:29:39]} 7. Bd3 { [%clk
1:29:32]} 7... f4 {[%clk 1:29:17]} 8. f3 {[%clk 1:25:41]} 8... O-O { [%clk
1:28:29]} 9. Nge2 {[%clk 1:25:02]} 9... Nbd7 {[%clk 1:28:18]} 10. Qc2 { [%clk
1:20:19]} 10... a5 {[%clk 1:27:02]} 11. Bh4 {[%clk 1:19:09]} 11... Rf7 { [%clk
1:25:50]} 12. Bf2 {[%clk 1:18:47]} 12... Ne8 {[%clk 1:25:06]} 13. O-O-O { [%clk
1:15:05]} 13... Nc5 {[%clk 1:19:17]} 14. Bxc5 {[%clk 1:08:35]} 14... dxc5
{[%clk 1:19:39]} 15. Na4 {[%clk 1:08:40]} 15... Bf8 {[%clk 1:18:17]} 16. Nec3 {
[%clk 1:07:28]} 16... Bd7 17. Nb5 {[%clk 1:04:40]} 17... Rb8 {[%clk 1:04:02]}
18. Be2 {[%clk 0:53:21]} 18... c6 {[%clk 0:56:05]} 19. dxc6 {[%clk 0:53:08]}
19... bxc6 {[%clk 0:56:27]} 20. Nbc3 {[%clk 0:53:25]} 20... Ng7 {[%clk 0:56:24]
} 21. Rdf1 {[%clk 0:41:48]} 21... Ne6 {[%clk 0:54:43]} 22. Bd1 {[%clk 0:41:42]}
22... Nd4 {[%clk 0:53:34]} 23. Qf2 {[%clk 0:41:22]} 23... Be6 {[%clk 0:52:55]}
24. b3 {[%clk 0:41:27]} 24... Qe7 {[%clk 0:51:48]} 25. g4 {[%clk 0:39:50]}
25... h6 {[%clk 0:50:09]} 26. h4 {[%clk 0:32:45]} 26... Qb7 {[%clk 0:49:16]}
27. Rh2 {[%clk 0:28:33]} 27... Rd7 1/2-1/2

[Event "DEM U14 2019"]
[Site "Willingen GER"]
[Date "2019.06.13"]
[Round "7"]
[White "Kolmykov, Egor"]
[Black "Gutewort, Paul Emil"]
[Result "1/2-1/2"]
[Termination "normal"]
[Board "20"]
[WhiteElo "1592"]
[BlackElo "1708"]
[WhiteClock "00:53:46"]
[BlackClock "01:09:14"]
[PlyCount "45"]
[WhiteFideId "16244613"]
[BlackFideId "16204182"]
[EventCountry "GER"]
[EventRounds "9"]
[EventType "swiss"]
[EventDate "2019.06.08"]

1. e4 {[%clk 1:30:57]} 1... g6 {[%clk 1:30:50]} 2. d3 {[%clk 1:31:08]} 2... Bg7
{[%clk 1:31:06]} 3. g3 {[%clk 1:31:30]} 3... d6 {[%clk 1:31:27]} 4. f4 { [%clk
1:31:49]} 4... c5 {[%clk 1:31:49]} 5. Bg2 {[%clk 1:31:42]} 5... Nc6 { [%clk
1:32:06]} 6. c3 {[%clk 1:31:52]} 6... e6 {[%clk 1:32:26]} 7. Nf3 { [%clk
1:32:03]} 7... Nge7 {[%clk 1:32:45]} 8. O-O {[%clk 1:32:13]} 8... O-O { [%clk
1:33:02]} 9. Nbd2 {[%clk 1:31:38]} 9... b6 {[%clk 1:32:30]} 10. e5 { [%clk
1:30:47]} 10... Ba6 {[%clk 1:29:39]} 11. Nc4 {[%clk 1:28:17]} 11... Bxc4 {[%clk
1:28:51]} 12. dxc4 {[%clk 1:27:53]} 12... dxe5 {[%clk 1:29:15]} 13. Nxe5 {[%clk
1:27:27]} 13... Rc8 {[%clk 1:29:38]} 14. Nxc6 {[%clk 1:24:31]} 14... Nxc6
{[%clk 1:30:04]} 15. Qa4 {[%clk 1:24:46]} 15... Qc7 {[%clk 1:28:39]} 16. Rd1
{[%clk 1:21:22]} 16... Nb8 {[%clk 1:16:50]} 17. Be3 {[%clk 1:19:06]} 17... Rfd8
{[%clk 1:17:04]} 18. Rxd8+ {[%clk 0:59:30]} 18... Rxd8 {[%clk 1:17:27]} 19. Rd1
{[%clk 0:59:31]} 19... Rxd1+ {[%clk 1:16:00]} 20. Qxd1 {[%clk 0:59:59]} 20...
Bf6 {[%clk 1:14:27]} 21. Kf2 {[%clk 0:58:31]} 21... Kf8 {[%clk 1:14:46]} 22.
Qf3 {[%clk 0:56:15]} 22... Ke7 {[%clk 1:09:14]} 23. Ke2 {[%clk 0:53:46]}
1/2-1/2

[Event "DEM U14 2019"]
[Site "Willingen GER"]
[Date "2019.06.13"]
[Round "7"]
[White "Divry, Alexandre"]
[Black "Rockmann, Enno"]
[Result "1-0"]
[Termination "normal"]
[Board "21"]
[WhiteElo "1654"]
[BlackElo "1527"]
[WhiteClock "01:07:23"]
[BlackClock "01:24:54"]
[PlyCount "61"]
[WhiteFideId "16286006"]
[BlackFideId "12982920"]
[EventCountry "GER"]
[EventRounds "9"]
[EventType "swiss"]
[EventDate "2019.06.08"]

1. e4 {[%clk 1:30:58]} 1... e6 {[%clk 1:30:57]} 2. d4 {[%clk 1:31:27]} 2... d5
{[%clk 1:31:24]} 3. Nd2 {[%clk 1:31:52]} 3... c5 {[%clk 1:31:12]} 4. Ngf3 {
[%clk 1:32:01]} 4... Nc6 {[%clk 1:31:30]} 5. exd5 {[%clk 1:30:08]} 5... exd5 {
[%clk 1:27:48]} 6. Bb5 {[%clk 1:28:58]} 6... Qe7+ {[%clk 1:26:29]} 7. Qe2 {
[%clk 1:26:40]} 7... Qxe2+ {[%clk 1:26:54]} 8. Bxe2 {[%clk 1:27:08]} 8... cxd4
{[%clk 1:26:58]} 9. Nb3 {[%clk 1:27:12]} 9... Bb4+ {[%clk 1:27:03]} 10. Bd2 {
[%clk 1:27:12]} 10... Bf5 {[%clk 1:26:53]} 11. Nbxd4 {[%clk 1:26:00]} 11...
Bxd2+ {[%clk 1:27:12]} 12. Kxd2 {[%clk 1:26:23]} 12... Bg6 {[%clk 1:27:29]} 13.
Bb5 {[%clk 1:15:51]} 13... Nge7 {[%clk 1:27:40]} 14. Ne5 {[%clk 1:12:57]} 14...
O-O {[%clk 1:28:03]} 15. Nexc6 {[%clk 1:11:05]} 15... Nxc6 {[%clk 1:28:14]} 16.
Bxc6 {[%clk 1:10:04]} 16... bxc6 {[%clk 1:28:36]} 17. Nxc6 {[%clk 1:10:32]}
17... Rfe8 {[%clk 1:28:22]} 18. c3 {[%clk 1:09:32]} 18... Re6 {[%clk 1:28:21]}
19. Nd4 {[%clk 1:09:48]} 19... Rb6 {[%clk 1:28:33]} 20. b4 {[%clk 1:09:01]}
20... a5 {[%clk 1:28:40]} 21. a3 {[%clk 1:09:20]} 21... Re8 {[%clk 1:27:32]}
22. Rhe1 {[%clk 1:09:17]} 22... f6 {[%clk 1:25:47]} 23. Rxe8+ {[%clk 1:09:14]}
23... Bxe8 {[%clk 1:26:16]} 24. Re1 {[%clk 1:09:20]} 24... Bg6 {[%clk 1:26:10]}
25. Re6 {[%clk 1:09:23]} 25... Rb8 {[%clk 1:25:33]} 26. Nc6 {[%clk 1:08:07]}
26... Bf7 {[%clk 1:23:30]} 27. Nxb8 {[%clk 1:07:38]} 27... Bxe6 {[%clk 1:23:55]
} 28. bxa5 {[%clk 1:07:57]} 28... Kf7 {[%clk 1:24:04]} 29. a6 {[%clk 1:07:17]}
29... Bc8 {[%clk 1:24:28]} 30. a7 {[%clk 1:07:41]} 30... Bb7 {[%clk 1:24:54]}
31. Nd7 {[%clk 1:07:23]} 1-0